000 00987nam a2200301 i 4500
003 DO-SdBNP
005 20250113142351.0
007 ta
008 250113b2012 pr ||||| |||| 00| 0 spa d
020 _a9781881748977
040 _aDO-SdBNP
_bspa
_cBNPHU
_erda
082 4 _222
_axxxx
_bG216e
100 _4aut.
_aGarcía Calderón, Myrna,
_eautor
_986889
245 1 0 _aEspacios de la memoria en el Caribe hispánico insular y sus diásporas /
_cMyrna García Calderón
250 _aPrimera edición
264 4 _aSan Juan, Puerto Rico :
_bEditora Libros El Navegante,
_c©2012.
300 _a305 páginas ;
_c22 cm.
336 _atexto
_btxt
_2rdacontent
337 _asin mediación
_bn
_2rdamedia
338 _avolumen
_bnc
_2rdacarrier
490 _aColección En fuga
490 _aSerie Ensayo
504 _aBibliografía : páginas 283-305
590 _aInventariado, 2025/BT
830 _aColección En fuga
_pSerie Ensayo
_986890
910 _aBtavárez
942 _2ddc
_cLBS1
999 _c58038
_d58038